000 00318nam a2200145Ia 4500
005 20260513122048.0
020 _a9783030543730
100 _aBressoud
365 _c
365 _b28.00
942 _cBK
245 _aIntroduction to Data Systems: Building from Python
260 _bSpringer
999 _c1
_d1